| 000 | 00474pab a2200181 454500 | ||
|---|---|---|---|
| 008 | 180718b2009 xxu||||| |||| 00| 0 eng d | ||
| 100 | _aBirch, Engenie L. | ||
| 245 | _aThe shape of the New American city | ||
| 260 | _c2009 | ||
| 300 | _ap.6-10. | ||
| 362 | _aNov | ||
| 650 | _aUnited States | ||
| 650 | _aUrban development | ||
| 700 | _aWachter, Susan M. | ||
| 773 | _aAnnals of the American Academy of Political and Social Science | ||
| 908 | _aN | ||
| 909 | _a84661 | ||
| 999 |
_c84661 _d84661 |
||